Văn nhân quân đội: Tiểu luận-phê bình-đối thoại
v.v...
Đã lưu trong:
| Tác giả chính: | |
|---|---|
| Định dạng: | Sách |
| Năm xuất bản: |
H.:
Văn học,
2015
|
| Chủ đề: | |
| Tags: |
Thêm thẻ
Không có thẻ, Hãy là người đầu tiên gắn thẻ bản ghi này!
|
| LEADER | 02000nam a2200253 4500 | ||
|---|---|---|---|
| 082 | |a 895.9228 |b L600H | ||
| 100 | |a Lý Hoài Thu | ||
| 245 | |a Văn nhân quân đội: |b Tiểu luận-phê bình-đối thoại |c Lý Hoài Thu | ||
| 260 | |a H.: |b Văn học, |c 2015 | ||
| 300 | |a 207tr.; |c 21cm. | ||
| 520 | |a v.v... | ||
| 653 | |a Văn học-Việt Nam | ||
| 942 | |2 ddc |c STK0 | ||
| 999 | |c 12461 |d 12461 | ||
| 952 | |0 0 |1 0 |2 ddc |4 0 |6 895_922800000000000_L600H |7 0 |8 800 |9 105599 |a qbu |b qbu |c D5 |d 2016-02-29 |g 47000 |o 895.9228 L600H |p 11781.c1 |r 0000-00-00 |w 2016-02-29 |y STK0 | ||
| 952 | |0 0 |1 0 |2 ddc |4 0 |6 895_922800000000000_L600H |7 0 |8 800 |9 105600 |a qbu |b qbu |c D5 |d 2016-02-29 |g 47000 |l 2 |m 2 |o 895.9228 L600H |p 11781.c2 |r 2017-12-04 |s 2017-11-07 |w 2016-02-29 |y STK0 | ||
| 952 | |0 0 |1 0 |2 ddc |4 0 |6 895_922800000000000_L600H |7 0 |8 800 |9 105601 |a qbu |b qbu |c D5 |d 2016-02-29 |g 47000 |o 895.9228 L600H |p 11781.c3 |r 0000-00-00 |w 2016-02-29 |y STK0 | ||
| 952 | |0 0 |1 0 |2 ddc |4 0 |6 895_922800000000000_L600H |7 0 |8 800 |9 105602 |a qbu |b qbu |c D5 |d 2016-02-29 |g 47000 |o 895.9228 L600H |p 11781.c4 |r 0000-00-00 |w 2016-02-29 |y STK0 | ||
| 952 | |0 0 |1 0 |2 ddc |4 0 |6 895_922800000000000_L600H |7 0 |8 800 |9 105603 |a qbu |b qbu |c D5 |d 2016-02-29 |g 47000 |o 895.9228 L600H |p 11781.c5 |r 0000-00-00 |w 2016-02-29 |y STK0 | ||
| 952 | |0 0 |1 0 |2 ddc |4 0 |6 895_922800000000000_L600H |7 0 |8 800 |9 105604 |a qbu |b qbu |c D5 |d 2016-02-29 |g 47000 |o 895.9228 L600H |p 11781.c6 |r 0000-00-00 |w 2016-02-29 |y STK0 | ||
| 952 | |0 0 |1 0 |2 ddc |4 0 |6 895_922800000000000_L600H |7 0 |8 800 |9 105605 |a qbu |b qbu |c D5 |d 2016-02-29 |g 47000 |o 895.9228 L600H |p 11781.c7 |r 0000-00-00 |w 2016-02-29 |y STK0 | ||
| 952 | |0 0 |1 0 |2 ddc |4 0 |6 895_922800000000000_L600H |7 0 |8 800 |9 105606 |a qbu |b qbu |c D5 |d 2016-02-29 |g 47000 |o 895.9228 L600H |p 11781.c8 |r 0000-00-00 |w 2016-02-29 |y STK0 | ||
| 952 | |0 0 |1 0 |2 ddc |4 0 |6 895_922800000000000_L600H |7 0 |8 800 |9 105607 |a qbu |b qbu |c D5 |d 2016-02-29 |g 47000 |o 895.9228 L600H |p 11781.c9 |r 0000-00-00 |w 2016-02-29 |y STK0 | ||
| 952 | |0 0 |1 0 |2 ddc |4 0 |6 895_922800000000000_L600H |7 0 |8 800 |9 105608 |a qbu |b qbu |c D5 |d 2016-02-29 |g 47000 |o 895.9228 L600H |p 11781.c10 |r 0000-00-00 |w 2016-02-29 |y STK0 | ||